| 000 | 00819 a2200217 4500 | ||
|---|---|---|---|
| 003 | Nust | ||
| 005 | 20220804133127.0 | ||
| 010 | _a 2005433261 | ||
| 020 | _a3540240357 (hardcover : alk. paper) | ||
| 040 | _cNust | ||
| 082 | 0 | 0 | _a621.367,JAH |
| 100 | 1 |
_aJahne, Bernd, _983302 |
|
| 245 | 1 | 0 |
_aDigital image processing / _cBernd Jahne. |
| 250 | _a6th rev. and ext. ed. | ||
| 260 |
_aBerlin ; _aNew York : _bSpringer, _cc2005. |
||
| 300 |
_axiii, 607 p. : _bill. ; _c24 cm. + _e1 CD-ROM (4 3/4 in.) |
||
| 505 | _aFoundation (Page-3), Image Formation and Preprocessing (Page-157), Feature Extraction (Page-299), Image Analysis (Page-449), Reference Part (Page-553). | ||
| 650 | 0 | _aTelecommunication Engineering. | |
| 856 | 4 | 1 |
_3Table of contents _uhttp://www.loc.gov/catdir/toc/fy055/2005433261.html |
| 942 |
_cREF _2ddc |
||
| 999 |
_c175584 _d175584 |
||